Quiz o kolei - Statystyki

Ogólne statystyki
  • Ten quiz został rozwiązany 61 razy
  • Średni wynik to 13 z 17
Statystyki odpowiedzi
Hint Odpowiedź nic % Poprawnych
Czy pociąg o nazwie matejko jeszcze jeździ {tak/nie/] tak c
98%
Czy pesa link jeździ po niemczech (tak/nie) tak c
98%
Czy pociąg o nazwie Brzechwa jeszcze jeździ (tak/nie) nie c
96%
Jaka lokomotywa prowadziła TLK brzechwa podczas wypadku? EP09-035 c
88%
EU07/EP07 czyli inaczej... siódemka c
84%
SU42 czyli inaczej.... stonka c
82%
Polska lokomotywa o nazwie zwierzęcia Byk c
78%
EP05 czyli inaczej czesio c
78%
Jaka lokomotywa podczas wypadku prowadziła IR matejko (np. ep07-1104) ET22-1105 c
78%
Wypadek w naszej dekadzie który ma pomnik na lk64 Szczekociny c
78%
Popularna rodzina ezt z newagu Impuls c
73%
EZT z wrocławskiego pafawagu... (żargon kolejowy) Kibel c
71%
Ile wymieniony u góry ezt miał wersji 8 c
69%
Największy wypadek kolejowy w polsce Otłoczyn c
65%
Dla ilu przewoźników jeździ Pesa elf 10 c
63%
Jak nazywał się pociąg z warszawy wschodniej do moskwy (podpowiedz:nazwa popularnego polskiego auta w czasach komuny) polonez c
61%
EZT z wrocławskiego pafawagu o 1 człon dłuższe (np. ED250) EN71 c
51%
Nie znaleziono quizów pasujących do podanych kryteriów
Rozkład punktacji
Procent ludzi z każdym wynikiem
Percentyl według liczby udzielonych odpowiedzi
Twoja historia wyników
Nie rozwiązałeś tego quizu